000 00335nab a22001097u 4500
008 130520b1989 xxu||||| |||| 00| 0 spa d
041 _aspa
100 1 _aDevale, S. C.
_967451
245 0 0 _aPoder y significado en los instrumentos musicales
_cS. C. Devale
773 0 _tConcilium
_gV.1,1989,págs.287-305
_x0210-1041
_wRev134
942 _cAR
999 _c355450
_d355450